[Event "Hamburg Junge op"]
[Site "Hamburg"]
[Date "2005.10.08"]
[Round "8"]
[White "Kurth, Michael"]
[Black "Laube, Oliver"]
[Result "1-0"]
[WhiteElo "2167"]
[BlackElo "2023"]
[PlyCount "57"]
[EventDate "2005.10.01"]
[EventType "swiss"]
[EventRounds "9"]
[EventCountry "GER"]
[SourceTitle "CBM 108 Extra"]
[Source "ChessBase"]
[SourceDate "2005.11.04"]
[SourceVersion "1"]
[SourceVersionDate "2005.11.04"]
[SourceQuality "1"]

1. b3 d5 2. Nf3 Bg4 3. Ne5 Bf5 4. f4 f6 5. Nf3 e6 6. e3 Bd6 7. Bb2 Nd7 8. Nc3 a6 9. Nd4 Nh6 10. Nxf5 Nxf5 11. Bd3 Nh6 12. Qh5+ Nf7 13. 0-0 c6 14. Qg4 Qe7 15. Qxg7 0-0-0 16. Bxh7 e5 17. Rae1 Qe6 18. f5 Qe7 19. Bg6 e4 20. h3 Qe5 21. Rf4 Ng5 22. Nxe4 Qxb2 23. Nxd6+ Kc7 24. Qe7 Qxc2 25. Rd4 Rhg8 26. h4 Ne4 27. Nxe4 dxe4 28. Qa3 Qc5 29. Rxd7+ 1-0

[Event "Hamburg Junge op"]
[Site "Hamburg"]
[Date "2005.10.06"]
[Round "6"]
[White "Haack, Stefan"]
[Black "Laube, Oliver"]
[Result "0-1"]
[WhiteElo "1751"]
[BlackElo "2023"]
[PlyCount "58"]
[EventDate "2005.10.01"]
[EventType "swiss"]
[EventRounds "9"]
[EventCountry "GER"]
[SourceTitle "CBM 108 Extra"]
[Source "ChessBase"]
[SourceDate "2005.11.04"]
[SourceVersion "1"]
[SourceVersionDate "2005.11.04"]
[SourceQuality "1"]

1. e4 c5 2. c3 d5 3. exd5 Nf6 4. d4 Qxd5 5. Nf3 cxd4 6. cxd4 e6 7. Nc3 Bb4 8. Bd2 Bxc3 9. Bxc3 0-0 10. Bd3 b6 11. 0-0 Bb7 12. Re1 Nc6 13. Qd2 Rfd8 14. Qf4 b5 15. b3 a6 16. Rad1 Qd6 17. Ne5 Nxe5 18. Rxe5 Qc6 19. Rg5 Nd5 20. Qg3 Nxc3 21. Rxg7+ Kf8 22. Rg8+ Ke7 23. Qg5+ Kd7 24. d5 Nxd5 25. Rg7 Rf8 26. Qh5 Rae8 27. Qxh7 Kc8 28. Rxf7 Rxf7 29. Qxf7 Nc3 0-1